00422nam a2200157Ia 4500008004100000020002200041041000800063082001600071100001800087245002800105260005300133300001200186365001200198650002700210650002700237210719s2020 xx 000 0 und d a978-93-5357-708-7 aeng a820.33 MALT aMALIK (Anmol) aThree impossible wishes aUttar PradeshbHarper & Collins Publishersc2020 a355bPB b299cRs aIndian English Fiction aIndian English Fiction